00366pab a2200133 454500008004000000100002400040245007700064260000900141300001000150362001100160650002400171700001700195773002000212180718b1989 xxu||||| |||| 00| 0 eng d aWastson, Leonard E. aThe management development of women administrationsbSome considerations c1989 a15-16 a5 Jun. aWomen as Executives aUsha Thakkar aUniversity News